[Event "Elite Hotels Open 2025"]
[Site "Elite Stadshotellet, Växjö, Sweden"]
[Date "2025.02.09"]
[Round "8.7"]
[White "Trost, Martin"]
[Black "Medhus, Vitus Bondo"]
[Result "0-1"]
[TimeControl "R1-4: 15 min + 5 sek, R5-8: 90 min + 30 sek"]
[BlackTitle "FM"]
[WhiteElo "1849"]
[BlackElo "2261"]

1. e4 {[%clk 01:23:19]} {[%emt 00:07:40]} e5 {[%clk 01:29:59]} {[%emt
00:01:02]} 2. Nf3 {[%clk 01:23:41]} {[%emt 00:00:07]} Nc6 {[%clk 01:30:23]}
{[%emt 00:00:07]} 3. Bc4 {[%clk 01:24:07]} {[%emt 00:00:04]} Nf6 {[%clk
01:30:42]} {[%emt 00:00:10]} 4. d3 {[%clk 01:24:32]} {[%emt 00:00:06]} Bc5
{[%clk 01:31:06]} {[%emt 00:00:06]} 5. Nc3 {[%clk 01:24:56]} {[%emt 00:00:05]}
d6 {[%clk 01:26:22]} {[%emt 00:05:15]} 6. Be3 {[%clk 01:21:34]} {[%emt
00:03:52]} O-O {[%clk 01:24:49]} {[%emt 00:02:02]} 7. Bxc5 {[%clk 01:18:12]}
{[%emt 00:03:52]} dxc5 {[%clk 01:25:14]} {[%emt 00:00:06]} 8. h3 {[%clk
01:18:35]} {[%emt 00:00:07]} Qd6 {[%clk 01:20:28]} {[%emt 00:05:16]} 9. Qd2
{[%clk 01:15:34]} {[%emt 00:03:31]} a6 {[%clk 01:17:09]} {[%emt 00:03:48]} 10.
a3 {[%clk 01:00:54]} {[%emt 00:15:11]} b5 {[%clk 01:17:14]} {[%emt 00:00:24]}
11. Ba2 {[%clk 00:55:27]} {[%emt 00:05:58]} Be6 {[%clk 01:17:03]} {[%emt
00:00:41]} 12. Bxe6 {[%clk 00:53:46]} {[%emt 00:02:11]} fxe6 {[%clk 01:17:26]}
{[%emt 00:00:06]} 13. Ne2 {[%clk 00:52:12]} {[%emt 00:02:05]} Nh5 {[%clk
01:15:28]} {[%emt 00:02:28]} 14. a4 {[%clk 00:39:32]} {[%emt 00:13:10]} b4
{[%clk 01:08:57]} {[%emt 00:07:00]} 15. b3 {[%clk 00:23:21]} {[%emt 00:16:41]}
Nf4 {[%clk 01:07:59]} {[%emt 00:01:28]} 16. Nxf4 {[%clk 00:21:27]} {[%emt
00:02:25]} Rxf4 {[%clk 01:08:22]} {[%emt 00:00:07]} 17. Qe3 {[%clk 00:19:42]}
{[%emt 00:02:15]} Raf8 {[%clk 01:08:31]} {[%emt 00:00:20]} 18. Rf1 {[%clk
00:18:09]} {[%emt 00:02:03]} Nd4 {[%clk 00:54:04]} {[%emt 00:14:57]} 19. Nxd4
{[%clk 00:18:16]} {[%emt 00:00:23]} cxd4 {[%clk 00:54:23]} {[%emt 00:00:11]} 20.
Qd2 {[%clk 00:16:48]} {[%emt 00:01:58]} a5 {[%clk 00:54:42]} {[%emt 00:00:11]}
21. f3 {[%clk 00:17:00]} {[%emt 00:00:18]} Qe7 {[%clk 00:55:03]} {[%emt
00:00:09]} 22. O-O-O {[%clk 00:17:17]} {[%emt 00:00:14]} Qg5 {[%clk 00:53:53]}
{[%emt 00:01:40]} 23. Kb1 {[%clk 00:17:11]} {[%emt 00:00:36]} R8f6 {[%clk
00:53:33]} {[%emt 00:00:50]} 24. Qe2 {[%clk 00:14:20]} {[%emt 00:03:21]} Rg6
{[%clk 00:51:46]} {[%emt 00:02:17]} 25. Rf2 {[%clk 00:14:48]} Qg3 {[%clk
00:51:31]} {[%emt 00:00:45]} 26. Rdf1 {[%clk 00:15:04]} {[%emt 00:00:14]} Rg5
{[%clk 00:51:24]} {[%emt 00:00:38]} 27. Qe1 {[%clk 00:14:02]} {[%emt 00:01:32]}
Rf6 {[%clk 00:49:11]} {[%emt 00:02:42]} 28. Re2 {[%clk 00:13:21]} {[%emt
00:01:11]} Qxe1+ {[%clk 00:47:02]} {[%emt 00:02:39]} 29. Rfxe1 {[%clk
00:13:43]} {[%emt 00:00:08]} Rfg6 {[%clk 00:45:32]} {[%emt 00:02:01]} 30. g4
{[%clk 00:12:50]} {[%emt 00:01:22]} Rh6 {[%clk 00:46:00]} {[%emt 00:00:02]} 31.
Rh2 {[%clk 00:12:04]} {[%emt 00:01:17]} Rh4 {[%clk 00:46:28]} {[%emt 00:00:01]}
32. Kc1 {[%clk 00:10:49]} {[%emt 00:01:45]} Rg6 {[%clk 00:46:56]} {[%emt
00:00:02]} 33. Kd2 {[%clk 00:10:33]} {[%emt 00:00:47]} Kf7 {[%clk 00:47:24]}
{[%emt 00:00:02]} 34. Ke2 {[%clk 00:10:39]} {[%emt 00:00:24]} Kf6 {[%clk
00:47:52]} {[%emt 00:00:01]} 35. Kf2 {[%clk 00:09:59]} {[%emt 00:01:10]} Kg5
{[%clk 00:48:21]} {[%emt 00:00:01]} 36. Kg3 {[%clk 00:10:07]} {[%emt 00:00:23]}
Rf6 {[%clk 00:48:49]} {[%emt 00:00:02]} 37. Rf1 {[%clk 00:10:08]} {[%emt
00:00:29]} Rfh6 {[%clk 00:42:32]} {[%emt 00:06:47]} 38. Rff2 {[%clk 00:09:19]}
{[%emt 00:01:19]} Rf6 {[%clk 00:42:19]} {[%emt 00:00:43]} 39. Rf1 {[%clk
00:09:33]} {[%emt 00:00:16]} Rf4 {[%clk 00:42:11]} {[%emt 00:00:37]} 40. Rhf2
{[%clk 00:07:06]} {[%emt 00:02:57]} Rh6 {[%clk 00:36:52]} {[%emt 00:05:49]} 41.
Rh1 {[%clk 00:07:09]} {[%emt 00:00:27]} Rhf6 {[%clk 00:37:15]} {[%emt
00:00:07]} 42. h4+ {[%clk 00:06:51]} {[%emt 00:00:49]} Kg6 {[%clk 00:37:44]} 43.
Rhf1 {[%clk 00:05:50]} {[%emt 00:01:31]} Rf8 {[%clk 00:37:43]} {[%emt
00:00:31]} 44. Rd2 {[%clk 00:05:34]} {[%emt 00:00:46]} Rb8 {[%clk 00:37:48]}
{[%emt 00:00:24]} 45. Rh2 {[%clk 00:05:11]} {[%emt 00:00:53]} Rb6 {[%clk
00:38:05]} {[%emt 00:00:13]} 46. Rd2 {[%clk 00:04:20]} {[%emt 00:01:21]} Rc6
{[%clk 00:38:29]} {[%emt 00:00:06]} 47. Rh2 {[%clk 00:04:41]} {[%emt 00:00:09]}
Rc3 {[%clk 00:38:53]} {[%emt 00:00:06]} 48. Rd2 {[%clk 00:05:06]} {[%emt
00:00:05]} Kf6 {[%clk 00:38:04]} {[%emt 00:01:20]} 49. Rh2 {[%clk 00:05:07]}
{[%emt 00:00:29]} g6 {[%clk 00:38:19]} {[%emt 00:00:14]} 50. Rff2 {[%clk
00:04:24]} {[%emt 00:01:13]} h6 {[%clk 00:38:25]} {[%emt 00:00:24]} 51. Rh1
{[%clk 00:03:28]} {[%emt 00:01:27]} Ke7 {[%clk 00:38:53]} {[%emt 00:00:02]} 52.
Rhh2 {[%clk 00:03:37]} {[%emt 00:00:20]} Kd6 {[%clk 00:39:22]} 53. Rh1 {[%clk
00:04:06]} {[%emt 00:00:02]} c5 {[%clk 00:38:18]} {[%emt 00:01:34]} 54. Rd1
{[%clk 00:03:28]} {[%emt 00:01:08]} Kc6 {[%clk 00:37:45]} {[%emt 00:01:03]} 55.
Rdd2 {[%clk 00:03:22]} {[%emt 00:00:37]} Kd6 {[%clk 00:36:34]} {[%emt
00:01:40]} 56. Rd1 {[%clk 00:03:44]} {[%emt 00:00:07]} c4 {[%clk 00:35:51]}
{[%emt 00:01:14]} 57. dxc4 {[%clk 00:01:50]} {[%emt 00:02:24]} Rxe4 {[%clk
00:36:18]} {[%emt 00:00:02]} 58. Rfd2 {[%clk 00:00:45]} {[%emt 00:01:35]} Rf4
{[%clk 00:34:14]} {[%emt 00:02:34]} 59. Rf2 {[%clk 00:00:34]} {[%emt 00:00:42]}
Re4 {[%clk 00:33:04]} {[%emt 00:01:40]} 60. Rd3 {[%clk 00:00:38]} {[%emt
00:00:26]} Re3 {[%clk 00:33:00]} {[%emt 00:00:33]} 61. Rfd2 {[%clk 00:00:33]}
{[%emt 00:00:36]} Rexd3 {[%clk 00:32:26]} {[%emt 00:01:04]} 62. Rxd3 {[%clk
00:00:37]} {[%emt 00:00:26]} Rxc2 {[%clk 00:32:40]} {[%emt 00:00:16]} 63. Rd1
{[%clk 00:00:34]} {[%emt 00:00:33]} Rc3 {[%clk 00:32:49]} {[%emt 00:00:21]} 64.
Rb1 {[%clk 00:00:40]} {[%emt 00:00:23]} e4 {[%clk 00:33:14]} {[%emt 00:00:05]}
65. Kf4 {[%clk 00:00:34]} {[%emt 00:00:36]} e5+ {[%clk 00:33:24]} {[%emt
00:00:20]} 66. Kg3 {[%clk 00:00:33]} {[%emt 00:00:31]} exf3 {[%clk 00:33:03]}
{[%emt 00:00:51]} 0-1

[Event "Elite Hotels Open 2025"]
[Site "Elite Stadshotellet, Växjö, Sweden"]
[Date "2025.02.09"]
[Round "8.8"]
[White "Schriever-Abeln, Marius"]
[Black "Arman, Deniz"]
[Result "0-1"]
[TimeControl "R1-4: 15 min + 5 sek, R5-8: 90 min + 30 sek"]
[BlackTitle "FM"]
[WhiteElo "2076"]
[BlackElo "2350"]

1. d4 {[%clk 01:30:58]} {[%emt 00:00:02]} Nf6 {[%clk 01:30:54]} {[%emt
00:00:07]} 2. c4 {[%clk 01:31:20]} {[%emt 00:00:08]} c5 {[%clk 01:31:19]}
{[%emt 00:00:04]} 3. d5 {[%clk 01:31:41]} {[%emt 00:00:10]} b5 {[%clk
01:31:44]} {[%emt 00:00:04]} 4. cxb5 {[%clk 01:31:59]} {[%emt 00:00:12]} a6
{[%clk 01:32:06]} {[%emt 00:00:07]} 5. bxa6 {[%clk 01:32:15]} {[%emt 00:00:14]}
e6 {[%clk 01:28:30]} {[%emt 00:04:07]} 6. Nc3 {[%clk 01:22:45]} {[%emt
00:10:01]} exd5 {[%clk 01:28:38]} {[%emt 00:00:21]} 7. Nxd5 {[%clk 01:22:18]}
{[%emt 00:00:58]} Be7 {[%clk 01:28:56]} {[%emt 00:00:11]} 8. Nf3 {[%clk
01:20:32]} {[%emt 00:02:14]} Rxa6 {[%clk 01:11:13]} {[%emt 00:18:15]} 9. e3
{[%clk 01:09:21]} {[%emt 00:11:42]} Nc6 {[%clk 00:53:54]} {[%emt 00:17:48]} 10.
Bc4 {[%clk 00:50:40]} {[%emt 00:19:12]} Nxd5 {[%clk 00:50:46]} {[%emt
00:03:37]} 11. Qxd5 {[%clk 00:46:18]} {[%emt 00:04:53]} O-O {[%clk 00:51:02]}
{[%emt 00:00:14]} 12. Bd2 {[%clk 00:43:37]} {[%emt 00:03:12]} Rb6 {[%clk
00:46:45]} {[%emt 00:04:46]} 13. O-O {[%clk 00:38:44]} {[%emt 00:05:23]} Bb7
{[%clk 00:39:34]} {[%emt 00:07:42]} 14. Qd3 {[%clk 00:34:50]} {[%emt 00:04:23]}
d5 {[%clk 00:32:44]} {[%emt 00:07:20]} 15. Qxd5 {[%clk 00:29:05]} {[%emt
00:06:15]} Nd4 {[%clk 00:31:44]} {[%emt 00:01:29]} 16. Qxd8 {[%clk 00:21:10]}
{[%emt 00:08:25]} Nxf3+ {[%clk 00:32:04]} {[%emt 00:00:10]} 17. Kh1 {[%clk
00:21:32]} {[%emt 00:00:09]} Rxd8 {[%clk 00:29:18]} {[%emt 00:03:15]} 18. Ba5
{[%clk 00:13:50]} {[%emt 00:08:12]} Rh6 {[%clk 00:29:34]} {[%emt 00:00:15]} 19.
h3 {[%clk 00:12:10]} {[%emt 00:02:10]} Ne5 {[%clk 00:29:52]} {[%emt 00:00:11]}
20. f4 {[%clk 00:08:32]} {[%emt 00:04:09]} Nxc4 {[%clk 00:20:11]} {[%emt
00:10:12]} 21. Bxd8 {[%clk 00:08:57]} {[%emt 00:00:05]} Bxd8 {[%clk 00:20:19]}
{[%emt 00:00:21]} 22. Rfd1 {[%clk 00:07:45]} {[%emt 00:01:42]} Bb6 {[%clk
00:16:43]} {[%emt 00:04:04]} 23. Kh2 {[%clk 00:04:24]} {[%emt 00:03:52]} g5
{[%clk 00:15:39]} {[%emt 00:01:35]} 24. fxg5 {[%clk 00:03:26]} {[%emt
00:01:28]} Re6 {[%clk 00:15:58]} {[%emt 00:00:11]} 25. Rd3 {[%clk 00:02:37]}
{[%emt 00:01:19]} Nxe3 {[%clk 00:16:17]} {[%emt 00:00:11]} 26. a4 {[%clk
00:02:19]} {[%emt 00:00:49]} c4 {[%clk 00:16:38]} {[%emt 00:00:08]} 27. Rd2
{[%clk 00:02:07]} {[%emt 00:00:42]} Ba5 {[%clk 00:16:40]} {[%emt 00:00:28]} 28.
Rd7 {[%clk 00:01:51]} {[%emt 00:00:46]} Bc6 {[%clk 00:17:04]} {[%emt 00:00:05]}
29. Rd4 {[%clk 00:01:34]} {[%emt 00:00:49]} Nc2 {[%emt 00:00:18]} 0-1

[Event "Elite Hotels Open 2025"]
[Site "Elite Stadshotellet, Växjö, Sweden"]
[Date "2025.02.09"]
[Round "8.9"]
[White "Grahn, Vidar"]
[Black "Karlsson, Stefan 2005"]
[Result "1-0"]
[TimeControl "R1-4: 15 min + 5 sek, R5-8: 90 min + 30 sek"]
[WhiteTitle "FM"]
[WhiteElo "2252"]
[BlackElo "2050"]

1. e4 {[%clk 01:30:56]} {[%emt 00:00:04]} c5 {[%clk 01:30:52]} {[%emt
00:00:08]} 2. Nc3 {[%clk 01:31:21]} {[%emt 00:00:05]} Nc6 {[%clk 01:31:16]}
{[%emt 00:00:05]} 3. Bb5 {[%clk 01:31:49]} {[%emt 00:00:04]} Nd4 {[%clk
01:31:40]} {[%emt 00:00:06]} 4. Nf3 {[%clk 01:32:15]} {[%emt 00:00:04]} a6
{[%clk 01:32:04]} {[%emt 00:00:06]} 5. Bd3 {[%clk 01:32:38]} {[%emt 00:00:06]}
g6 {[%clk 01:32:19]} {[%emt 00:00:15]} 6. Nxd4 {[%clk 01:29:57]} {[%emt
00:03:12]} cxd4 {[%clk 01:32:41]} {[%emt 00:00:07]} 7. Ne2 {[%clk 01:30:24]}
{[%emt 00:00:03]} Bg7 {[%clk 01:33:03]} {[%emt 00:00:08]} 8. c3 {[%clk
01:30:33]} {[%emt 00:00:22]} e5 {[%clk 01:17:50]} {[%emt 00:15:43]} 9. cxd4
{[%clk 01:28:17]} {[%emt 00:02:46]} exd4 {[%clk 01:18:12]} {[%emt 00:00:07]} 10.
O-O {[%clk 01:27:51]} {[%emt 00:00:56]} Ne7 {[%clk 01:18:20]} {[%emt 00:00:22]}
11. f4 {[%clk 01:20:10]} {[%emt 00:08:11]} d5 {[%clk 01:16:59]} {[%emt
00:01:51]} 12. e5 {[%clk 01:19:52]} {[%emt 00:00:48]} f6 {[%clk 01:17:20]}
{[%emt 00:00:09]} 13. Qa4+ {[%clk 01:15:35]} {[%emt 00:04:47]} Qd7 {[%clk
01:14:35]} {[%emt 00:03:16]} 14. Qxd7+ {[%clk 01:14:25]} {[%emt 00:01:40]} Bxd7
{[%clk 01:13:51]} {[%emt 00:01:13]} 15. exf6 {[%clk 01:13:52]} {[%emt
00:01:03]} Bxf6 {[%clk 01:14:16]} {[%emt 00:00:05]} 16. b4 {[%clk 01:12:15]}
{[%emt 00:02:07]} Nc6 {[%clk 01:12:29]} {[%emt 00:02:17]} 17. a3 {[%clk
01:12:29]} {[%emt 00:00:17]} b5 {[%clk 01:12:39]} {[%emt 00:00:20]} 18. Bb2
{[%clk 01:11:48]} {[%emt 00:01:11]} Kf7 {[%clk 01:07:35]} {[%emt 00:05:33]} 19.
Rac1 {[%clk 01:07:07]} {[%emt 00:05:12]} Rhe8 {[%clk 01:06:01]} {[%emt
00:02:04]} 20. Rc5 {[%clk 01:00:39]} {[%emt 00:06:57]} Rxe2 {[%clk 01:00:46]}
{[%emt 00:05:45]} 21. Bxe2 {[%clk 01:00:36]} {[%emt 00:00:34]} d3 {[%clk
01:01:07]} {[%emt 00:00:08]} 22. Bf3 {[%clk 01:00:56]} {[%emt 00:00:11]} Bxb2
{[%clk 01:01:15]} {[%emt 00:00:22]} 23. Bxd5+ {[%clk 01:01:13]} {[%emt
00:00:13]} Ke7 {[%clk 01:00:32]} {[%emt 00:01:12]} 24. Bxc6 {[%clk 01:01:36]}
{[%emt 00:00:07]} Bd4+ {[%clk 01:00:36]} {[%emt 00:00:26]} 25. Kh1 {[%clk
01:02:01]} {[%emt 00:00:05]} Bxc5 {[%clk 01:00:16]} {[%emt 00:00:50]} 26. Bxa8
{[%clk 01:02:09]} {[%emt 00:00:22]} Bd4 {[%clk 01:00:40]} {[%emt 00:00:06]} 27.
Bb7 {[%clk 01:02:05]} {[%emt 00:00:35]} Bb2 {[%clk 01:00:38]} {[%emt 00:00:32]}
28. Bxa6 {[%clk 01:02:10]} {[%emt 00:00:26]} Bxa3 {[%clk 01:00:05]} {[%emt
00:01:01]} 29. Rb1 {[%clk 01:02:33]} {[%emt 00:00:07]} Kd6 {[%clk 00:59:59]}
{[%emt 00:00:37]} 30. Rb3 {[%clk 01:02:54]} {[%emt 00:00:09]} Bc1 {[%clk
01:00:23]} {[%emt 00:00:06]} 31. Rxd3+ {[%clk 01:03:17]} {[%emt 00:00:07]} Kc7
{[%clk 01:00:46]} {[%emt 00:00:06]} 32. Rc3+ {[%clk 01:03:43]} {[%emt
00:00:04]} 1-0

[Event "Elite Hotels Open 2025"]
[Site "Elite Stadshotellet, Växjö, Sweden"]
[Date "2025.02.09"]
[Round "8.10"]
[White "Reid, Gregor J M"]
[Black "Sandberg, Lucas"]
[Result "1-0"]
[TimeControl "R1-4: 15 min + 5 sek, R5-8: 90 min + 30 sek"]
[WhiteElo "2237"]
[BlackElo "2021"]

1. Nf3 {[%clk 01:30:55]} {[%emt 00:00:04]} g6 {[%clk 01:30:13]} {[%emt
00:00:47]} 2. g3 {[%clk 01:31:17]} {[%emt 00:00:08]} Bg7 {[%clk 01:30:34]}
{[%emt 00:00:08]} 3. Bg2 {[%clk 01:31:41]} {[%emt 00:00:07]} Nf6 {[%clk
01:30:47]} {[%emt 00:00:17]} 4. O-O {[%clk 01:31:44]} {[%emt 00:00:25]} O-O
{[%clk 01:30:07]} {[%emt 00:01:12]} 5. d3 {[%clk 01:30:07]} {[%emt 00:02:07]}
Nc6 {[%clk 01:28:38]} {[%emt 00:01:59]} 6. c4 {[%clk 01:29:01]} {[%emt
00:01:37]} d6 {[%clk 01:28:22]} {[%emt 00:00:46]} 7. Nc3 {[%clk 01:29:22]}
{[%emt 00:00:08]} e5 {[%clk 01:27:28]} {[%emt 00:01:24]} 8. Bg5 {[%clk
01:27:02]} {[%emt 00:02:49]} h6 {[%clk 01:24:48]} {[%emt 00:03:10]} 9. Bxf6
{[%clk 01:27:02]} {[%emt 00:00:31]} Bxf6 {[%clk 01:24:25]} {[%emt 00:00:53]} 10.
Nd5 {[%clk 01:26:59]} {[%emt 00:00:32]} Bg7 {[%clk 01:23:17]} {[%emt 00:01:39]}
11. Rb1 {[%clk 01:27:16]} {[%emt 00:00:12]} f5 {[%clk 01:18:21]} {[%emt
00:05:26]} 12. b4 {[%clk 01:25:39]} {[%emt 00:02:07]} g5 {[%clk 01:13:55]}
{[%emt 00:04:57]} 13. b5 {[%clk 01:23:47]} {[%emt 00:02:22]} Ne7 {[%clk
01:14:19]} {[%emt 00:00:05]} 14. Nd2 {[%clk 01:17:00]} {[%emt 00:07:17]} Ng6
{[%clk 01:11:34]} {[%emt 00:03:16]} 15. a4 {[%clk 01:15:59]} {[%emt 00:01:32]}
g4 {[%clk 01:06:28]} {[%emt 00:05:36]} 16. a5 {[%clk 01:02:19]} {[%emt
00:14:09]} a6 {[%clk 01:03:19]} {[%emt 00:03:38]} 17. Nb4 {[%clk 00:45:16]}
{[%emt 00:17:34]} Rb8 {[%clk 00:51:52]} {[%emt 00:11:57]} 18. Rc1 {[%clk
00:37:30]} {[%emt 00:08:15]} Qe8 {[%clk 00:44:41]} {[%emt 00:07:41]} 19. bxa6
{[%clk 00:27:31]} {[%emt 00:10:30]} bxa6 {[%clk 00:44:58]} {[%emt 00:00:12]} 20.
Nc6 {[%clk 00:27:32]} {[%emt 00:00:30]} Rb2 {[%clk 00:44:35]} {[%emt 00:00:51]}
21. Rb1 {[%clk 00:25:58]} {[%emt 00:02:07]} Rxb1 {[%clk 00:42:05]} {[%emt
00:03:01]} 22. Qxb1 {[%clk 00:25:48]} {[%emt 00:00:39]} e4 {[%clk 00:37:46]}
{[%emt 00:04:48]} 23. dxe4 {[%clk 00:22:04]} {[%emt 00:04:15]} f4 {[%clk
00:32:38]} {[%emt 00:05:37]} 24. Nb4 {[%clk 00:14:16]} {[%emt 00:08:18]} Bc3
{[%clk 00:29:15]} {[%emt 00:03:53]} 25. Rd1 {[%clk 00:14:24]} {[%emt 00:00:22]}
fxg3 {[%clk 00:29:08]} {[%emt 00:00:38]} 26. hxg3 {[%clk 00:12:32]} {[%emt
00:02:21]} Qf7 {[%clk 00:24:40]} {[%emt 00:04:57]} 27. Nd3 {[%clk 00:11:02]}
{[%emt 00:02:01]} Qg7 {[%clk 00:21:32]} {[%emt 00:03:40]} 28. c5 {[%clk
00:09:06]} {[%emt 00:02:24]} h5 {[%clk 00:18:49]} {[%emt 00:03:13]} 29. cxd6
{[%clk 00:08:40]} {[%emt 00:00:57]} cxd6 {[%clk 00:18:01]} {[%emt 00:01:18]} 30.
e5 {[%clk 00:07:21]} {[%emt 00:01:48]} Nxe5 {[%clk 00:14:59]} {[%emt 00:03:33]}
31. Ne4 {[%clk 00:07:30]} {[%emt 00:00:20]} Nxd3 {[%clk 00:13:36]} {[%emt
00:01:53]} 32. Qxd3 {[%clk 00:07:46]} {[%emt 00:00:14]} Be5 {[%clk 00:12:59]}
{[%emt 00:01:08]} 33. Nxd6 {[%clk 00:07:44]} {[%emt 00:00:32]} Be6 {[%clk
00:12:11]} {[%emt 00:01:17]} 34. Bd5 {[%clk 00:07:37]} {[%emt 00:00:38]} Bxd5
{[%clk 00:10:55]} {[%emt 00:01:45]} 35. Qxd5+ {[%clk 00:08:00]} {[%emt
00:00:06]} Kh8 {[%clk 00:11:16]} {[%emt 00:00:10]} 36. Rb1 {[%clk 00:05:54]}
{[%emt 00:02:36]} Qf6 {[%clk 00:10:12]} {[%emt 00:01:34]} 37. Ne4 {[%clk
00:06:03]} {[%emt 00:00:21]} Qf5 {[%clk 00:09:20]} {[%emt 00:01:22]} 38. Rb6
{[%clk 00:05:56]} {[%emt 00:00:38]} Kg7 {[%clk 00:09:32]} {[%emt 00:00:18]} 39.
Re6 {[%clk 00:05:47]} {[%emt 00:00:39]} Ba1 {[%clk 00:09:12]} {[%emt 00:00:50]}
40. Qxf5 {[%clk 00:04:15]} {[%emt 00:02:01]} Rxf5 {[%clk 00:09:38]} {[%emt
00:00:05]} 41. Rxa6 {[%clk 00:04:35]} {[%emt 00:00:10]} Re5 {[%clk 00:09:57]}
{[%emt 00:00:10]} 42. f3 {[%clk 00:04:08]} {[%emt 00:00:58]} Bd4+ {[%clk
00:09:57]} {[%emt 00:00:28]} 43. Kg2 {[%emt 00:01:18]} Rb5 {[%clk 00:10:00]} 44.
Rd6 {[%clk 00:03:47]} {[%emt 00:00:29]} Be5 {[%clk 00:07:13]} {[%emt 00:03:18]}
45. Rd7+ {[%clk 00:03:47]} {[%emt 00:00:30]} Kg6 {[%clk 00:07:36]} {[%emt
00:00:08]} 46. a6 {[%clk 00:03:57]} {[%emt 00:00:19]} Rb2 {[%clk 00:07:53]}
{[%emt 00:00:13]} 47. Rd2 {[%clk 00:02:57]} {[%emt 00:01:30]} Rb8 {[%clk
00:06:49]} {[%emt 00:01:35]} 48. Rd5 {[%clk 00:02:58]} {[%emt 00:00:27]} gxf3+
{[%clk 00:07:04]} {[%emt 00:00:16]} 49. exf3 {[%clk 00:03:13]} {[%emt
00:00:15]} Rb2+ {[%clk 00:07:09]} {[%emt 00:00:25]} 50. Kh3 {[%clk 00:02:48]}
{[%emt 00:00:55]} Bb8 {[%clk 00:07:36]} {[%emt 00:00:04]} 51. Rg5+ {[%clk
00:00:58]} {[%emt 00:02:19]} Kh6 {[%clk 00:08:02]} {[%emt 00:00:05]} 52. Rg8
{[%clk 00:01:16]} {[%emt 00:00:10]} Ba7 {[%clk 00:06:47]} {[%emt 00:01:46]} 53.
g4 {[%clk 00:01:27]} {[%emt 00:00:19]} hxg4+ {[%clk 00:06:54]} {[%emt
00:00:23]} 54. fxg4 {[%clk 00:01:53]} {[%emt 00:00:05]} Rb3+ {[%clk 00:06:18]}
{[%emt 00:01:06]} 55. Kh4 {[%clk 00:01:48]} {[%emt 00:00:34]} Bd4 {[%clk
00:06:10]} {[%emt 00:00:38]} 56. a7 {[%clk 00:01:27]} {[%emt 00:00:51]} Bf6+
{[%clk 00:05:30]} {[%emt 00:01:11]} 57. g5+ {[%clk 00:01:29]} {[%emt 00:00:27]}
Bxg5+ {[%clk 00:05:45]} {[%emt 00:00:14]} 58. Nxg5 {[%clk 00:01:39]} {[%emt
00:00:21]} Rb8 {[%clk 00:04:56]} {[%emt 00:01:19]} 59. Rxb8 {[%clk 00:01:46]}
{[%emt 00:00:23]} 1-0